ការសិក្សាអំពីការស្នើសុំលិសិតអនុញ្ញាតសាងសង់លំនៅឋាននៅសង្កាត់ទៀន ខណ្ឌដង្កោ រាជធានីភ្នំពេញ STUDY ON APPLYING FOR A HOUSE CONSTRUCTION PERMIT IN SANGKAT TEAN, KHAN DANGKOR, PHNOMPENH (Record no. 24898)

000 -LEADER
fixed length control field 00718nam a22001337a 4500
040 ## - CATALOGING SOURCE
Transcribing agency RUA
082 ## - DEWEY DECIMAL CLASSIFICATION NUMBER
Classification number LMA CHE 2024 B1-398 Or.1
100 ## - MAIN ENTRY--AUTHOR NAME
Personal name ជា​ ម៉ារី CHEA MARY
245 ## - TITLE STATEMENT
Title ការសិក្សាអំពីការស្នើសុំលិសិតអនុញ្ញាតសាងសង់លំនៅឋាននៅសង្កាត់ទៀន ខណ្ឌដង្កោ រាជធានីភ្នំពេញ STUDY ON APPLYING FOR A HOUSE CONSTRUCTION PERMIT IN SANGKAT TEAN, KHAN DANGKOR, PHNOMPENH
260 ## - PUBLICATION, DISTRIBUTION, ETC. (IMPRINT)
Place of publication RUA
Name of publisher PHNOM PENH
Year of publication 2024
300 ## - PHYSICAL DESCRIPTION
Number of Pages ix
Other physical details ill
Dimensions 29cm
856 ## - ELECTRONIC LOCATION AND ACCESS
Uniform Resource Identifier https://drive.google.com/file/d/1xTDMB7KJQdtJR_ANK9yAIRh3E1SY9nw4/view?usp=sharing
942 ## - ADDED ENTRY ELEMENTS (KOHA)
Koha item type LMA
952 ## - LOCATION AND ITEM INFORMATION (KOHA)
Withdrawn status [LOCAL, KOHA] 0
952 ## - LOCATION AND ITEM INFORMATION (KOHA)
Withdrawn status [LOCAL, KOHA] 0
Holdings
Permanent Location Date acquired Koha item type Lost status Shelving location Barcode Current Location Full call number
Library Block B2025-05-12LMA B1.398a084053Library Block BLMA CHE 2024 B1-398 Or.1
Library Block B2025-05-12LMA B1.398a084437Library Block BLMA CHE 2024 B1-398 Or.2
មជ្ឈមណ្ឌលឯការនៃសាកលវិទ្យាល័យភូមិន្ទកសិកម្មចំការដូង

Powered by Koha